State, development planning and liberalisation in India (Record no. 41477)

MARC details
000 -LEADER
fixed length control field 00353nam a2200121Ia 4500
082 ## - DEWEY DECIMAL CLASSIFICATION NUMBER
Classification number 338.26(540)
Item number BYR
245 #0 - TITLE STATEMENT
Title State, development planning and liberalisation in India
260 ## - PUBLICATION, DISTRIBUTION, ETC. (IMPRINT)
Place of publication Delhi
Name of publisher Oxford University Press
Year of publication 1998
650 ## - SUBJECT ADDED ENTRY--TOPICAL TERM
Topical Term Agricultural Price Policy
700 ## - ADDED ENTRY--PERSONAL NAME
Personal name Terence J
942 ## - ADDED ENTRY ELEMENTS (KOHA)
Koha item type Books
Holdings
Withdrawn status Lost status Damaged status Not for loan Home library Current library Date acquired Cost, normal purchase price Full call number Accession Number Koha item type
        RRII Library RRII Library 16/12/2021 250.00 338.26(540) BYR 21763 Books